[Event "Titled Tue 17th Jun Early"]
[Site "chess.com INT"]
[Date "2025.06.17"]
[Round "4"]
[White "Yanev, Tihomir"]
[Black "Pontes, Luiz Felizola Lima"]
[Result "1-0"]
[WhiteTitle "IM"]
[WhiteElo "2354"]
[BlackElo "2062"]
[WhiteFideId "2910110"]
[BlackFideId "44709919"]
[EventDate "2025.06.17"]

1. e4 e5 2. Nf3 Nc6 3. Bb5 a6 4. Ba4 d6 5. O-O Bd7 6. c3 g6 7. d4 Bg7 8. Re1
Nge7 9. Bc2 O-O 10. a4 h6 11. Na3 exd4 12. cxd4 Nb4 13. Bb1 Re8 14. Nc4 Nbc6 15.
h3 Kh7 16. d5 Ne5 17. Nfxe5 dxe5 18. Be3 Nc8 19. Bd3 Nd6 20. Nxd6 cxd6 21. a5 f5
22. f3 f4 23. Bb6 Qg5 24. Kh2 Qg3+ 25. Kh1 Bf6 26. Qe2 Bh4 27. Rf1 Rac8 28. Bf2
Qg5 29. Qe1 Bxf2 30. Qxf2 Qd8 31. b4 Qc7 32. Qd2 Qc3 33. Rfd1 Qxd2 34. Rxd2 Rc3
35. Rb1 Rec8 36. Kg1 Rc1+ 37. Rxc1 Rxc1+ 38. Kf2 Bb5 39. Rc2 Rxc2+ 40. Bxc2 Kg7
41. h4 g5 42. g3 fxg3+ 43. Kxg3 gxh4+ 44. Kxh4 Kg6 45. f4 Kf6 46. Kg3 exf4+ 47.
Kxf4 h5 48. Bd1 h4 49. Bg4 1-0

[Event "Titled Tue 17th Jun Early"]
[Site "chess.com INT"]
[Date "2025.06.17"]
[Round "4"]
[White "Lazaro Azcutia, Miguel"]
[Black "Ghosh, Chanchal Kumer"]
[Result "1-0"]
[WhiteTitle "CM"]
[BlackTitle "CM"]
[WhiteElo "2275"]
[BlackElo "2018"]
[WhiteFideId "54538254"]
[BlackFideId "10201858"]
[EventDate "2025.06.17"]

1. e4 c5 2. Nf3 d6 3. d4 cxd4 4. Nxd4 Nf6 5. Nc3 a6 6. Be2 e5 7. Nb3 Be7 8. O-O
Be6 9. Be3 O-O 10. Qd3 Nbd7 11. Nd5 Bxd5 12. exd5 Rc8 13. c4 Ne8 14. f4 f5 15.
Qd2 g6 16. Rad1 Bf6 17. Kh1 Bg7 18. fxe5 Nxe5 19. c5 Nf6 20. cxd6 Qxd6 21. Qa5
Ne4 22. Nd4 Nc4 23. Bxc4 Rxc4 24. Ne6 Rfc8 25. Nxg7 Kxg7 26. Bf4 Nf2+ 27. Rxf2
Rxf4 28. Rxf4 Qxf4 29. Qe1 Qd6 30. Qe2 Rc7 31. Qd2 Rd7 32. Qd4+ Qf6 33. Qd2 Rd6
34. Qc2 g5 35. Qc7+ Kg6 36. Qxb7 g4 37. Qb3 h5 38. Qd3 h4 39. h3 g3 40. b4 Qe5
41. a4 Qb2 42. Rf1 Rf6 43. d6 Qxb4 44. d7 1-0

[Event "Titled Tue 17th Jun Early"]
[Site "chess.com INT"]
[Date "2025.06.17"]
[Round "4"]
[White "Nguyen, Ngoc Truong Son"]
[Black "Krzesaj, Robert"]
[Result "1-0"]
[WhiteTitle "GM"]
[BlackTitle "FM"]
[WhiteElo "2600"]
[BlackElo "2391"]
[WhiteFideId "12401110"]
[BlackFideId "1123521"]
[EventDate "2025.06.17"]

1. e4 c6 2. d4 d5 3. e5 Bf5 4. g4 Be4 5. f3 Bg6 6. e6 fxe6 7. h4 h5 8. g5 Qd6 9.
f4 e5 10. fxe5 Qd7 11. Bd3 Bxd3 12. Qxd3 e6 13. Ne2 Ne7 14. Nd2 Nf5 15. Nb3 c5
16. dxc5 Nc6 17. Bf4 a5 18. a4 g6 19. c3 Bg7 20. Ned4 O-O 21. Nb5 Nxe5 22. Bxe5
Bxe5 23. O-O-O Rae8 24. Kb1 Bg3 25. Nxa5 Ra8 26. Nc4 Qc6 27. Nb6 Qxc5 28. Nxa8
Rxa8 29. Nd4 Qd6 30. Nxf5 gxf5 31. Qb5 Qc6 32. Qxc6 bxc6 33. b3 f4 34. Rd3 e5
35. Rxg3 fxg3 36. Rg1 Rf8 37. a5 d4 38. cxd4 exd4 39. Kc2 c5 40. Rxg3 Ra8 41.
Kd3 Rxa5 42. Kc4 Kg7 43. Rf3 Ra1 44. Kxc5 Rh1 45. Rf4 d3 46. Rd4 d2 47. Rxd2
Rxh4 48. b4 Rg4 49. b5 Rxg5+ 50. Rd5 Rxd5+ 51. Kxd5 h4 52. Ke4 h3 53. Kf3 Kf6
54. b6 1-0

[Event "Titled Tue 17th Jun Early"]
[Site "chess.com INT"]
[Date "2025.06.17"]
[Round "4"]
[White "Nikulina, Alena"]
[Black "Goncharov, Vladimir"]
[Result "0-1"]
[WhiteTitle "WFM"]
[WhiteElo "1875"]
[BlackElo "2077"]
[WhiteFideId "4172051"]
[BlackFideId "34162256"]
[EventDate "2025.06.17"]

1. e4 e6 2. d4 d5 3. exd5 exd5 4. c4 Nc6 5. Nc3 Bb4 6. Nf3 Nge7 7. Bd3 dxc4 8.
Bxc4 O-O 9. O-O Bg4 10. Be3 Na5 11. Be2 Nf5 12. a3 Bd6 13. Ne5 Bxe2 14. Qxe2 Re8
15. b4 Nb3 16. Nxf7 Kxf7 17. Qc4+ Re6 18. Qxb3 Qh4 19. g3 Qh3 20. Ne4 h6 21. Nc5
Bxc5 22. bxc5 Re8 23. d5 Rg6 24. d6+ Kf8 25. d7 Rd8 26. Rad1 c6 27. Bf4 Nh4 28.
Bd6+ Rxd6 29. gxh4 Qxb3 30. Rxd6 Qxa3 31. Re1 Qxc5 32. Rd3 Kf7 33. Rf3+ Kg6 34.
Re6+ Kh7 35. Rd3 Qf5 36. Red6 a5 37. Kg2 a4 38. Rf3 Qe4 39. Rd3 b5 40. Re3 Qg6+
41. Kf1 Rxd7 42. Rg3 Qb1+ 43. Kg2 Qb4 44. Ref3 Qd6 45. Rd3 Qxd3 46. Re3 Qxe3 0-1

[Event "Titled Tue 17th Jun Early"]
[Site "chess.com INT"]
[Date "2025.06.17"]
[Round "4"]
[White "Rahman, Masruri"]
[Black "Purtseladze, Maka"]
[Result "1-0"]
[WhiteTitle "FM"]
[BlackTitle "IM"]
[WhiteElo "2407"]
[BlackElo "2261"]
[WhiteFideId "7101163"]
[BlackFideId "13602659"]
[EventDate "2025.06.17"]

1. d4 c5 2. d5 g6 3. Nc3 Bg7 4. e4 d6 5. Be3 Nf6 6. f3 e6 7. Bb5+ Ke7 8. dxe6
Bxe6 9. e5 Ne8 10. Bxe8 Rxe8 11. Qxd6+ Qxd6 12. exd6+ Kxd6 13. O-O-O+ Kc6 14.
Bf4 Bxc3 15. bxc3 Bxa2 16. Nh3 Be6 17. Ng5 h6 18. Ne4 Na6 19. Rd6+ Kb5 20. Kd2
Bf5 21. Rb1+ Kc4 22. Rxb7 Bxe4 23. fxe4 Rxe4 24. Bxh6 Re6 25. Rdd7 Rae8 26. Rxf7
Rd6+ 27. Kc1 Re1+ 28. Kb2 Rb6+ 29. Rxb6 axb6 30. Rf6 Nc7 31. Rxg6 Nd5 32. Rg4+
Kb5 33. c4+ Kc6 34. cxd5+ Kxd5 35. c4+ Ke5 36. Bd2 Re2 37. Kc3 Kf5 38. Rg5+ Kf6
39. h4 Re4 40. h5 Rh4 41. Rg6+ Kf5 42. g4+ Ke4 43. h6 Rh3+ 44. Kc2 Kd4 45. Rg7
Kxc4 46. h7 b5 47. g5 b4 48. Rd7 b3+ 49. Kb2 Kb5 50. g6 Kc6 51. Rf7 1-0

[Event "Titled Tue 17th Jun Early"]
[Site "chess.com INT"]
[Date "2025.06.17"]
[Round "4"]
[White "Akkara, Omer"]
[Black "Ebrahimi Herab, Hamidreza"]
[Result "1-0"]
[WhiteTitle "CM"]
[BlackTitle "FM"]
[WhiteElo "2036"]
[BlackElo "2404"]
[WhiteFideId "26319802"]
[BlackFideId "22512888"]
[EventDate "2025.06.17"]

1. e4 c5 2. Nf3 e6 3. b3 Nc6 4. Bb2 Qc7 5. Nc3 Nf6 6. g3 Be7 7. Bg2 O-O 8. O-O
a6 9. Re1 b5 10. h3 Bb7 11. e5 Nd5 12. Nxd5 exd5 13. d4 d6 14. exd6 Bxd6 15.
dxc5 Bxc5 16. Kf1 Rfe8 17. Qd3 d4 18. a3 Rad8 19. Qf5 Ne7 20. Qg4 Bc8 21. Qg5 h6
22. Qh5 Ng6 23. Nh4 Nxh4 24. Qxh4 Bb7 25. Qg4 Bxg2+ 26. Kxg2 Qc6+ 27. Kg1 Bb6
28. Rxe8+ Rxe8 29. Bxd4 Bxd4 30. Qxd4 Qxc2 31. b4 Qb3 32. Kg2 Qe6 33. Rd1 g6 34.
Rd3 Qc6+ 35. Rf3 g5 36. Qf6 Qd7 37. Qxh6 Re5 38. Qf6 Qd5 39. Qxa6 Rf5 40. Qc8+
Kg7 41. Qxf5 1-0

[Event "Titled Tue 17th Jun Early"]
[Site "chess.com INT"]
[Date "2025.06.17"]
[Round "4"]
[White "Sobek, Jaroslav"]
[Black "Hernandez Bermudez, Ulises Eduardo"]
[Result "0-1"]
[WhiteTitle "FM"]
[WhiteElo "2195"]
[BlackElo "2042"]
[WhiteFideId "301388"]
[BlackFideId "3902510"]
[EventDate "2025.06.17"]

1. d4 Nf6 2. c4 g6 3. Nc3 Bg7 4. e4 d6 5. h3 O-O 6. Bg5 e5 7. dxe5 dxe5 8. Qxd8
Rxd8 9. Nd5 Rxd5 10. exd5 Ne4 11. Be3 Na6 12. f3 Ng3 13. Rh2 Nb4 14. Kf2 Nf5 15.
Bd2 Nc2 16. Rc1 Nfd4 17. Ne2 h5 18. Nxd4 Nxd4 19. Bd3 Bf5 20. Rc3 Bxd3 21. Rxd3
f5 22. Bc3 c5 23. dxc6 bxc6 24. Bxd4 exd4 25. c5 Rb8 26. b3 Rb5 27. Rh1 Rxc5 28.
Rhd1 h4 29. f4 Kf7 30. Kf3 Ke6 31. Re1+ Kd7 32. Red1 Kd6 33. g4 Kd5 34. gxf5
gxf5 35. Rg1 Bf6 36. Rg6 Ke6 37. Rg8 Rc2 38. a4 Rh2 39. Re8+ Kd7 40. Rf8 Ke7 41.
Rc8 Rxh3+ 42. Ke2 Rh2+ 43. Kf1 Rc2 44. Ra8 Kd6 45. Rxa7 Rh2 46. Rf7 Ke6 47. Rc7
Rc2 48. a5 Bd8 49. Ra7 c5 50. a6 Ra2 51. Rh7 Rxa6 52. Rh6+ Bf6 53. Rh3 Ra1+ 54.
Ke2 Ra2+ 55. Kd3 Kf7 56. Rh7+ Kg6 57. Rc7 Rb2 58. Rxc5 Rxb3+ 59. Kd2 Rxh3 0-1

[Event "Titled Tue 17th Jun Early"]
[Site "chess.com INT"]
[Date "2025.06.17"]
[Round "4"]
[White "Nurgaliyeva, Zarina"]
[Black "Drygalov, Andrey"]
[Result "0-1"]
[WhiteTitle "WFM"]
[BlackTitle "GM"]
[WhiteElo "2252"]
[BlackElo "2431"]
[WhiteFideId "13730096"]
[BlackFideId "24171735"]
[EventDate "2025.06.17"]

1. e4 c5 2. Nf3 d6 3. Bb5+ Bd7 4. Bxd7+ Nxd7 5. O-O e6 6. c3 Be7 7. d4 Ngf6 8.
Qe2 O-O 9. Rd1 cxd4 10. cxd4 b5 11. e5 dxe5 12. dxe5 Nd5 13. Qxb5 Qc7 14. Nc3
Nxc3 15. bxc3 Nb6 16. Be3 Nd5 17. Bd4 Nxc3 18. Bxc3 Qxc3 19. Nd4 Rac8 20. g3
Rfd8 21. Ne2 Qf3 22. Nd4 Qe4 23. Nb3 h5 24. Rd7 Rb8 25. Rxd8+ Rxd8 26. h4 g5 27.
hxg5 h4 28. gxh4 Qg4+ 29. Kf1 Qxh4 30. Kg1 Rd5 31. Qe2 Qxg5+ 32. Kf1 Rxe5 33.
Qf3 Rf5 34. Qg2 Qxg2+ 35. Kxg2 a5 36. a4 Rd5 37. Rc1 Bb4 38. Rc8+ Kg7 39. Ra8 f5
40. Kf3 Rd3+ 41. Kf4 Bd6+ 42. Kg5 Be7+ 43. Kf4 Rxb3 44. Ra7 Kf6 45. Rxa5 Bd6+ 0-1

[Event "Titled Tue 17th Jun Early"]
[Site "chess.com INT"]
[Date "2025.06.17"]
[Round "4"]
[White "Barrientos, Ernesto"]
[Black "Negrean, Andrei"]
[Result "0-1"]
[WhiteTitle "CM"]
[BlackTitle "FM"]
[WhiteElo "2027"]
[BlackElo "2352"]
[WhiteFideId "3701247"]
[BlackFideId "1291513"]
[EventDate "2025.06.17"]

1. e4 c5 2. Nf3 a6 3. d4 cxd4 4. Nxd4 e5 5. Nf3 Nf6 6. Nc3 Nc6 7. Bg5 Bb4 8. Bc4
h6 9. Bxf6 Bxc3+ 10. bxc3 Qxf6 11. O-O d6 12. h3 O-O 13. Rb1 Rd8 14. Qd3 Qe7 15.
Bd5 Be6 16. c4 Rab8 17. Rb6 Qc7 18. Rfb1 Bxd5 19. cxd5 Na7 20. R6b3 Rdc8 21.
R1b2 Nb5 22. Nd2 Nd4 23. Rb6 Nb5 24. Qe3 Nd4 25. c4 Qc5 26. Kh2 Kf8 27. f4 exf4
28. Qxf4 Nb5 29. R6xb5 axb5 30. Rxb5 Qc7 31. Rb3 Qe7 32. Rf3 f6 33. Qf5 Kg8 34.
g4 Qe5+ 35. Kg2 Qxf5 36. gxf5 b5 37. cxb5 Rxb5 38. Rf2 Rb2 39. Nf3 Rxf2+ 40.
Kxf2 Rc2+ 41. Kg3 Rxa2 42. Kf4 Kf7 43. h4 Ra3 44. Kg4 h5+ 45. Kf4 Rb3 46. Kg3
Ke7 47. Kf4 Kd7 48. Kg3 Kc7 49. Kf4 Kb6 50. Kg3 Kc5 51. Kf4 Kc4 52. Nd2+ Kc3 53.
Nxb3 Kxb3 0-1

[Event "Titled Tue 17th Jun Early"]
[Site "chess.com INT"]
[Date "2025.06.17"]
[Round "4"]
[White "Hungaski, Robert"]
[Black "Bruhovich, Olexandr"]
[Result "1-0"]
[WhiteTitle "GM"]
[BlackTitle "CM"]
[WhiteElo "2477"]
[BlackElo "2208"]
[WhiteFideId "2021030"]
[BlackFideId "14119919"]
[EventDate "2025.06.17"]

1. h3 h5 2. d4 g6 3. Nf3 Bg7 4. Bf4 d6 5. e3 Nf6 6. c4 Nbd7 7. Nc3 O-O 8. Be2 a5
9. O-O b6 10. Bh2 Bb7 11. Qc2 Re8 12. Rfd1 Qc8 13. Rac1 e5 14. dxe5 Nxe5 15.
Nxe5 dxe5 16. Nd5 Nd7 17. g4 c6 18. Nc3 Nc5 19. Rd6 Qc7 20. Rcd1 hxg4 21. hxg4
Rad8 22. Qd2 Rxd6 23. Qxd6 Qxd6 24. Rxd6 Bf8 25. Rd2 f6 26. Bg3 Kf7 27. Bf3 Ke6
28. b3 Be7 29. Rd1 Rd8 30. Rxd8 Bxd8 31. Be2 f5 32. f4 exf4 33. exf4 Bf6 34. Be1
Ne4 35. Nxe4 fxe4 36. c5 Bd4+ 37. Bf2 Bxf2+ 38. Kxf2 bxc5 39. Bc4+ Kf6 40. g5+
Kf5 41. Ke3 Bc8 42. Bf1 Kg4 43. Kxe4 Bf5+ 44. Ke5 Bb1 45. a3 Ba2 46. Bd3 Bxb3
47. Bxg6 1-0

[Event "Titled Tue 17th Jun Early"]
[Site "chess.com INT"]
[Date "2025.06.17"]
[Round "4"]
[White "Uzuner, Tufan Can"]
[Black "Huseynova, Dinara"]
[Result "0-1"]
[WhiteTitle "CM"]
[BlackTitle "WCM"]
[WhiteElo "1909"]
[BlackElo "1833"]
[WhiteFideId "6300499"]
[BlackFideId "13437313"]
[EventDate "2025.06.17"]

1. d4 Nf6 2. Nf3 b6 3. g3 Bb7 4. Bg2 e6 5. O-O Be7 6. c4 O-O 7. Nc3 Bb4 8. Qb3
Bxc3 9. Qxc3 d6 10. Qc2 Nbd7 11. b3 Rb8 12. Bb2 Ne4 13. Nd2 Nxd2 14. Qxd2 Bxg2
15. Kxg2 f5 16. Rae1 f4 17. f3 Qf6 18. e4 fxe3 19. Rxe3 Qf5 20. Qe2 Rbe8 21. f4
e5 22. dxe5 dxe5 23. fxe5 Qxf1+ 24. Qxf1 Rxf1 25. Kxf1 Kf7 26. Ke2 Ke6 27. Kd3
Rf8 28. b4 Rf2 29. Re2 Rxe2 30. Kxe2 Nxe5 31. Bxe5 Kxe5 32. Ke3 c5 33. b5 h5 34.
h3 Kf5 35. Kf3 Ke5 36. Ke3 Kf5 37. a3 Ke5 38. g4 hxg4 39. hxg4 g6 40. a4 g5 41.
Kd3 Kf4 42. a5 Kf3 43. a6 Kf4 44. Ke2 Kxg4 45. Ke3 Kf5 46. Kf3 g4+ 47. Kg3 Kg5
48. Kg2 Kf4 49. Kf2 Ke4 50. Kg3 Kd4 51. Kxg4 Kxc4 52. Kf5 Kxb5 53. Ke6 Kxa6 54.
Kd5 Kb5 55. Ke4 c4 56. Kd4 Kb4 57. Kd5 Kb3 58. Kc6 c3 59. Kb7 c2 60. Kxa7 c1=Q
61. Kb7 b5 62. Kb6 b4 63. Kb7 Ka2 64. Ka6 b3 65. Ka5 b2 66. Ka4 b1=Q 67. Ka5
Qa3# 0-1

[Event "Titled Tue 17th Jun Early"]
[Site "chess.com INT"]
[Date "2025.06.17"]
[Round "4"]
[White "Jammalamadaka, Vihaan"]
[Black "Rothuis, Vincent"]
[Result "1-0"]
[WhiteTitle "CM"]
[BlackTitle "IM"]
[WhiteElo "2018"]
[BlackElo "2346"]
[WhiteFideId "30977134"]
[BlackFideId "1011936"]
[EventDate "2025.06.17"]

1. b3 a5 2. Bb2 d5 3. Nf3 Bf5 4. g3 e6 5. Bg2 h6 6. d3 a4 7. bxa4 Rxa4 8. O-O c6
9. c4 Ra8 10. cxd5 cxd5 11. Nbd2 Nf6 12. Nh4 Bh7 13. e4 dxe4 14. dxe4 Nc6 15. e5
Nd5 16. Ne4 Be7 17. Nd6+ Bxd6 18. exd6 O-O 19. Bxd5 exd5 20. Qxd5 Ra5 21. Qd2
Qg5 22. Qc3 Rc5 23. Qb3 Rb5 24. Qc3 Rc5 25. Qb3 Rd8 26. Rae1 Rb5 27. d7 Be4 28.
Qc4 Rxb2 29. Qxe4 Rd2 30. Nf3 Qd5 31. Nxd2 Qxd2 32. Rd1 Qg5 33. Rfe1 g6 34. Qe8+
Kg7 35. Qe4 Qf6 36. Kg2 h5 37. Qf3 Qg5 38. h4 Qc5 39. Rd5 Qc4 40. Re8 Qxa2 41.
Rxd8 Nxd8 42. Qc3+ Kh7 43. Rd3 Qe6 44. Kg1 Qe7 45. Rd1 b5 46. Qe3 Qf6 47. Qg5
Kg7 48. Qxf6+ Kxf6 49. Re1 b4 50. Re8 1-0

[Event "Titled Tue 17th Jun Early"]
[Site "chess.com INT"]
[Date "2025.06.17"]
[Round "4"]
[White "Goodrich, Elliott"]
[Black "Ng, Gary"]
[Result "1-0"]
[BlackTitle "FM"]
[WhiteElo "2019"]
[BlackElo "2234"]
[WhiteFideId "39902064"]
[BlackFideId "2604914"]
[EventDate "2025.06.17"]

1. e4 b6 2. d4 Bb7 3. Bd3 Nf6 4. Qe2 e6 5. Nf3 d5 6. e5 Nfd7 7. O-O c5 8. c3 Nc6
9. Ng5 Qe7 10. Be3 a6 11. Nxh7 cxd4 12. cxd4 Nb4 13. Bg5 f6 14. Bg6+ Kd8 15. Bh4
Rxh7 16. Bxh7 g5 17. exf6 Qxh7 18. Bxg5 Qf5 19. h4 Nc2 20. f7+ Be7 21. Bxe7+
Kxe7 22. Nc3 Nxa1 23. Rxa1 Qxf7 24. Re1 Rg8 25. g3 Nf6 26. Qe5 Kd7 27. Na4 Ne4
28. Nxb6+ Ke7 29. Re2 Bc6 30. Qc7+ Kf6 31. Qxc6 Qg6 32. Qc7 Rg7 33. Qf4+ Ke7 34.
Nc8+ Kd8 35. Nd6 Kd7 36. Nxe4 dxe4 37. Qxe4 Qxe4 38. Rxe4 Kd6 39. b3 Kd5 40. Rf4
Rc7 41. h5 Rc2 42. Kg2 Rxa2 43. h6 Rc2 44. h7 Rc8 45. Rh4 Rh8 46. g4 Kxd4 47.
g5+ Ke5 48. f4+ Kf5 49. Kf3 Kg6 50. Rh6+ Kg7 51. Rxe6 Kxh7 52. Rh6+ Kg7 53. Rxh8
Kxh8 54. Kg4 Kg7 55. f5 a5 56. f6+ Kf7 57. Kf5 a4 58. bxa4 Kf8 59. a5 Kf7 60. a6
Kg8 61. a7 Kf7 62. g6+ Kf8 63. a8=Q# 1-0

[Event "Titled Tue 17th Jun Early"]
[Site "chess.com INT"]
[Date "2025.06.17"]
[Round "4"]
[White "Adewumi, Tanitoluwa"]
[Black "Deng, Henry"]
[Result "0-1"]
[WhiteTitle "FM"]
[BlackTitle "FM"]
[WhiteElo "2362"]
[BlackElo "2327"]
[WhiteFideId "30966396"]
[BlackFideId "30965454"]
[EventDate "2025.06.17"]

1. d3 b6 2. e3 Bb7 3. b3 Nf6 4. Bb2 e6 5. Ne2 Be7 6. a3 O-O 7. Nd2 c5 8. h3 Nc6
9. g3 Rc8 10. Bg2 Qc7 11. O-O Rfd8 12. Kh2 d5 13. f4 b5 14. g4 e5 15. g5 Ne8 16.
Ng3 d4 17. Nf5 dxe3 18. Nxe3 Nd4 19. Bxb7 Qxb7 20. Ne4 Nd6 21. Nxd6 Bxd6 22.
Bxd4 cxd4 23. Nf5 Bb8 24. Rf2 exf4 25. Qh5 Re8 26. Kg1 Qd5 27. Qg4 Rc5 28. Nh4
Qxg5 29. Qxg5 Rxg5+ 30. Kh2 g6 31. Nf3 Rd5 32. Nd2 Re3 33. Ne4 Kg7 34. Rg1 Rh5
35. h4 Rxh4+ 36. Kg2 f5 37. Ng5 Rg4+ 38. Kf1 Rxg1+ 39. Kxg1 Rg3+ 40. Rg2 Be5 41.
a4 bxa4 42. bxa4 h6 43. Ne6+ Kf6 44. Nc5 Kg5 45. Ne6+ Kg4 46. Kf2 Rxg2+ 47. Kxg2
h5 48. Nf8 g5 49. Nd7 Bg7 50. a5 h4 51. Nb8 h3+ 52. Kg1 f3 53. Nc6 Kg3 54. Ne7
f2+ 55. Kf1 h2 56. Nxf5+ Kf3 0-1

[Event "Titled Tue 17th Jun Early"]
[Site "chess.com INT"]
[Date "2025.06.17"]
[Round "4"]
[White "Baziuk, Vladyslav"]
[Black "Sanhueza, Cristian"]
[Result "0-1"]
[BlackTitle "FM"]
[WhiteElo "2247"]
[BlackElo "2213"]
[WhiteFideId "34107940"]
[BlackFideId "116815"]
[EventDate "2025.06.17"]

1. e4 e5 2. Nf3 Nc6 3. d4 exd4 4. Nxd4 Nf6 5. Nxc6 bxc6 6. e5 Qe7 7. Qe2 Nd5 8.
h4 a5 9. c4 Nb6 10. Nc3 Qe6 11. b3 a4 12. Rb1 axb3 13. axb3 Bb4 14. Bd2 O-O 15.
g3 Re8 16. f4 Qg6 17. Rc1 Qxg3+ 18. Qf2 Qxf2+ 19. Kxf2 d6 20. Bg2 Bd7 21. Rhe1
Ra3 22. Rb1 Bc5+ 23. Be3 Nxc4 24. Bxc5 dxc5 25. Ne4 Ra2+ 26. Re2 Rxe2+ 27. Kxe2
Na3 28. Rc1 Nb5 29. Nxc5 Bf5 30. Ke3 f6 31. Bxc6 Rb8 32. Bd5+ Kf8 33. exf6 gxf6
34. Bc6 Nd6 35. Kd4 Rb4+ 36. Ke3 h5 37. Rc3 Bg4 38. Na6 Nf5+ 39. Kd3 Rxf4 40.
Nxc7 Nxh4 41. Nd5 Bf5+ 42. Kd2 Rf2+ 43. Kc1 Nf3 44. Ne3 Nd4 45. Nxf5 Ne2+ 46.
Kd1 Nxc3+ 47. Ke1 Rxf5 48. b4 h4 49. Kd2 Nd5 50. Kd3 Nxb4+ 51. Ke4 Nxc6 52. Kxf5
h3 53. Kg4 h2 54. Kg3 h1=Q 55. Kf4 Qd5 56. Kg4 Ke7 57. Kg3 Ke6 58. Kf2 Qb3 59.
Ke2 Kf5 60. Kd2 Ke4 61. Kc1 Qa2 62. Kd1 Kd3 63. Ke1 Qe2# 0-1

[Event "Titled Tue 17th Jun Early"]
[Site "chess.com INT"]
[Date "2025.06.17"]
[Round "4"]
[White "Parpiev, Isaak"]
[Black "Gajic, Mladen"]
[Result "1-0"]
[WhiteTitle "CM"]
[BlackTitle "FM"]
[WhiteElo "2364"]
[BlackElo "2246"]
[WhiteFideId "34281576"]
[BlackFideId "1709178"]
[EventDate "2025.06.17"]

1. e4 Nf6 2. e5 Nd5 3. c4 Nb6 4. d4 d6 5. f4 g6 6. Nf3 Bg7 7. Nc3 Be6 8. d5 Bg4
9. Be2 O-O 10. e6 fxe6 11. Ng5 Bxe2 12. Qxe2 Qc8 13. Nxe6 Rf7 14. Nxg7 Rxg7 15.
O-O c6 16. Be3 N8d7 17. Bd4 Rf7 18. f5 gxf5 19. Rxf5 Rxf5 20. Qg4+ Kf7 21. Qxf5+
Nf6 22. Qf2 Qg4 23. Rf1 Nd7 24. h3 Qg6 25. Qe2 Rg8 26. Qe6+ Ke8 27. Rf2 Rf8 28.
Re2 Rf7 29. dxc6 bxc6 30. Bxa7 Kf8 31. Bd4 Qd3 32. Bxf6 Nxf6 33. Rf2 Qd4 34. a4
Qc5 35. Kf1 d5 36. cxd5 cxd5 37. Rf5 Qc4+ 38. Kg1 Kg7 39. Nxd5 Qd4+ 40. Ne3 Rf8
41. Rf3 Nh5 42. Qxe7+ Kg6 43. Qxf8 Qxb2 44. Qf7+ Kg5 45. Qf5+ Kh6 46. Ng4+ Kg7
47. Qf7+ Kh8 48. Qf8# 1-0

[Event "Titled Tue 17th Jun Early"]
[Site "chess.com INT"]
[Date "2025.06.17"]
[Round "4"]
[White "Garcia Molina, Jose"]
[Black "Mummana Venkata Ruthvik"]
[Result "0-1"]
[WhiteTitle "FM"]
[BlackTitle "CM"]
[WhiteElo "2156"]
[BlackElo "2237"]
[WhiteFideId "32030592"]
[BlackFideId "25697307"]
[EventDate "2025.06.17"]

1. Nf3 Nf6 2. b3 g6 3. Bb2 Bg7 4. g3 O-O 5. Bg2 d6 6. d4 b5 7. Nfd2 c6 8. O-O
Bb7 9. a4 a6 10. Nc3 Qc8 11. e4 Nbd7 12. Ne2 e5 13. dxe5 dxe5 14. Re1 Qc7 15.
Nc3 Rfd8 16. Qe2 Nf8 17. Bh3 Bc8 18. Bxc8 Raxc8 19. Nd1 Ne6 20. axb5 axb5 21.
Nf3 Nd7 22. Ne3 Ra8 23. Red1 f6 24. Bc3 Ndc5 25. Nf1 Nb7 26. h4 h5 27. Ne3 Nbc5
28. Ng2 Kh7 29. Nge1 Rxd1 30. Rxd1 Rd8 31. Nd3 Qd7 32. Rd2 Qc7 33. Nb4 Rxd2 34.
Nxd2 Qd6 35. f3 Nd4 36. Qf2 Nce6 37. Nd3 c5 38. Bxd4 Nxd4 39. Kg2 Bf8 40. Nb1 c4
41. bxc4 bxc4 42. Ne1 Qb4 43. c3 Qxb1 44. cxd4 exd4 45. Kf1 d3 46. Qd4 Bb4 47.
Qd7+ Kh6 48. Qf7 Qxe1+ 49. Kg2 Qe2+ 50. Kh3 Qf1+ 51. Kh2 Qf2+ 52. Kh3 Qxf3 53.
e5 Qh1# 0-1

[Event "Titled Tue 17th Jun Early"]
[Site "chess.com INT"]
[Date "2025.06.17"]
[Round "4"]
[White "Sharapov, Yevhen"]
[Black "Nitish, Belurkar"]
[Result "1-0"]
[WhiteTitle "GM"]
[BlackTitle "IM"]
[WhiteElo "2375"]
[BlackElo "2454"]
[WhiteFideId "14103133"]
[BlackFideId "5084768"]
[EventDate "2025.06.17"]

1. e4 c5 2. Nf3 g6 3. d4 cxd4 4. Nxd4 Nf6 5. Nc3 Nc6 6. Nxc6 dxc6 7. Qxd8+ Kxd8
8. Bf4 Be6 9. O-O-O+ Nd7 10. f3 Bg7 11. Nd5 cxd5 12. exd5 Bf5 13. g4 g5 14. Bxg5
Bg6 15. d6 f6 16. dxe7+ Kxe7 17. Bb5 Ne5 18. Bd2 a6 19. Bb4+ Kf7 20. Ba4 Rhc8
21. Bb3+ Ke8 22. Rhe1 Bh6+ 23. Kb1 b5 24. Rd4 a5 25. f4 axb4 26. fxe5 fxe5 27.
Rxe5+ Kf8 28. g5 Re8 29. Rf4+ Kg7 30. gxh6+ Kxh6 31. Rxe8 Rxe8 32. Kc1 Re1+ 33.
Kd2 Rh1 34. h4 Rh2+ 35. Ke3 Bxc2 36. Bxc2 Rxc2 37. Rxb4 Rc5 38. b3 Kh5 39. a4
bxa4 40. bxa4 Rc3+ 41. Kd4 Rc8 42. Kd5 Ra8 43. Kc6 h6 44. Kb7 Ra5 45. Rb5+ Rxb5+
46. axb5 Kxh4 47. Kc7 Kg3 48. b6 h5 49. b7 h4 50. b8=Q h3 51. Kc6+ Kg2 52. Qb2+
Kh1 53. Qc1+ Kg2 54. Qd2+ Kh1 55. Qe1+ Kg2 56. Qe2+ Kg1 57. Qg4+ Kf2 58. Qxh3 1-0

[Event "Titled Tue 17th Jun Early"]
[Site "chess.com INT"]
[Date "2025.06.17"]
[Round "4"]
[White "Smieszek, Wojciech"]
[Black "Tovmasian, Vardges"]
[Result "0-1"]
[WhiteTitle "CM"]
[BlackTitle "IM"]
[WhiteElo "2141"]
[BlackElo "2352"]
[WhiteFideId "1156047"]
[BlackFideId "13302736"]
[EventDate "2025.06.17"]

1. e4 c5 2. Nf3 e6 3. d4 cxd4 4. Nxd4 Nf6 5. Nc3 Nc6 6. a3 Be7 7. Be3 O-O 8. Bd3
d5 9. exd5 exd5 10. O-O Ng4 11. Nxc6 bxc6 12. Bf4 Bd6 13. Qf3 Rb8 14. b3 Qf6 15.
Ne2 Ne5 16. Qg3 Rd8 17. Bg5 Nxd3 18. Bxf6 Bxg3 19. Bxd8 Bxf2+ 20. Rxf2 Nxf2 21.
Kxf2 Bf5 22. Bc7 Rb7 23. Bf4 Bxc2 24. Nd4 Be4 25. b4 a5 26. Nxc6 axb4 27. axb4
h6 28. Ra8+ Kh7 29. Ra7 Rb6 30. Rc7 d4 31. Nxd4 Rxb4 32. Be5 Rb2+ 33. Ke3 Bd5
34. g4 Kg6 35. h4 h5 36. gxh5+ Kxh5 37. Rc5 Ba2 38. Bxg7+ Kg4 39. h5 Bb1 40. h6
Rh2 41. Rc7 f5 42. Rf7 Rh3+ 43. Kd2 f4 44. Ne6 f3 45. Rf4+ Kg3 46. Ke3 Kg2 47.
Rg4+ Rg3 48. Rxg3+ Kxg3 49. Ng5 f2 50. Be5+ Kg2 0-1